Conservation: tactics for a constant crisis (Registro nro. 11985)

Detalles MARC
000 -CABECERA
Campo de control 004480000a22001570004500
090 ## - CLASIFICACIÓN LOCAL
Colección AR
Consecutivo 02925
041 0# - IDIOMA
Código de idioma para texto/pista de sonido o título separado
100 1# - ASIENTO PRINCIPAL--NOMBRE PERSONAL
Nombre personal Soulé, Michael E.
245 10 - MENCION DE TITULO
Título Conservation: tactics for a constant crisis
650 14 - ASIENTO SECUNDARIO DE MATERIA - TERMINO TEMATICO
Término temático o nombre geográfico como elemento de entrada Restauración ecológica
650 14 - ASIENTO SECUNDARIO DE MATERIA - TERMINO TEMATICO
Término temático o nombre geográfico como elemento de entrada Reservas extractivas
650 14 - ASIENTO SECUNDARIO DE MATERIA - TERMINO TEMATICO
Término temático o nombre geográfico como elemento de entrada Agroecosistemas
650 14 - ASIENTO SECUNDARIO DE MATERIA - TERMINO TEMATICO
Término temático o nombre geográfico como elemento de entrada Uso sostenible
773 1# - Item fuente:
Título Science
Especificación de materiales 685
Paginas del Articulo 744-758
Lugar, editorial y fecha de publicación 1991
Información sobre la relación 253
942 ## - ELEMENTOS ADICIONALES (KOHA)
Tipo de ítem Artículo
Existencias
Withdrawn status Lost status Damaged status No para préstamo Colección Ubicación Permanente Ubicación actual Fecha de adquisición Fuente de Valor Datos de publicación Seriada Total Checkouts Número topográfico Inventario / Código de Barras Date last seen Ejemplar Price effective from Forma de adquisición Tipo de material
      No para Préstamo Hemeroteca Bogotá Bogotá 20/04/2010 Matallana, Clara Fuera de circulación   AR 02925 013334 25/03/2015 1 25/03/2015   Artículo
      No para Préstamo Hemeroteca Bogotá Bogotá 27/02/2015 Escobar Sarria, Federico Fuera de circulación   AR 02925 028034 25/03/2015 2 25/03/2015   Artículo